Towards zero carbon developments (Record no. 105714)

MARC details
000 -LEADER
fixed length control field 01416cam a2200229 4500
001 - CONTROL NUMBER
control field ##L134527
008 - FIXED-LENGTH DATA ELEMENTS--GENERAL INFORMATION
fixed length control field 060814n2006 000 0 eng u
020 ## - INTERNATIONAL STANDARD BOOK NUMBER
International Standard Book Number 1852619015
035 ## - SYSTEM CONTROL NUMBER
System control number (Sirsi) u134527
041 0# - LANGUAGE CODE
Language code of text/sound track or separate title eng
050 04 - LIBRARY OF CONGRESS CALL NUMBER
Classification number 333.72 $2 18
110 2# - MAIN ENTRY--CORPORATE NAME
Corporate name or jurisdiction name as entry element Centre for Sustainable Energy
9 (RLIN) 5011
245 00 - TITLE STATEMENT
Title Towards zero carbon developments
Remainder of title supportive information for boroughs
260 ## - PUBLICATION, DISTRIBUTION, ETC.
Place of publication, distribution, etc. London
Name of publisher, distributor, etc. London Energy Partnership
Date of publication, distribution, etc. 2006
520 ## - SUMMARY, ETC.
Summary, etc. This report funded by the Department of Industry and the Greater London Authority provides practical advice to London local authorities on how they can use their power to encourage zero carbon development. Includes a definition of zero carbon development. Offers information about site characteristics, example text for Local Development Frameworks, an overview of key arguments to use in discussions with developers and lessons to be learnt and pitfalls to be avoided when taking forward developments. A case study of developments incorporating sustainable energy concepts is appended. Glossary.
590 ## - LOCAL NOTE (RLIN)
Local note IKA220806 NTK
651 #4 - SUBJECT ADDED ENTRY--GEOGRAPHIC NAME
Geographic name LONDON
690 ## - LOCAL SUBJECT ADDED ENTRY--TOPICAL TERM (OCLC, RLIN)
Topical term or geographic name as entry element ENVIRONMENTAL AND LAND CONSULTANCY-ENERGY-ENERGY USE
710 2# - ADDED ENTRY--CORPORATE NAME
Corporate name or jurisdiction name as entry element London Borough of Merton
Subordinate unit Planning Department
9 (RLIN) 5012
856 40 - ELECTRONIC LOCATION AND ACCESS
Uniform Resource Identifier <a href="https://www.london.gov.uk/mayor/environment/energy/partnership-steering-group/action.jsp">https://www.london.gov.uk/mayor/environment/energy/partnership-steering-group/action.jsp</a>
Public note View the report free of charge at www.london.gov.uk...
942 ## - ADDED ENTRY ELEMENTS (KOHA)
Suppress in OPAC 0
Holdings
Withdrawn status Lost status Source of classification or shelving scheme Damaged status Not for loan Home library Current library Shelving location Date acquired Total Checkouts Full call number Barcode Date last seen Copy number Price effective from Koha item type
    Dewey Decimal Classification     Virtual Virtual Online 14/08/2006   ONLINE PUBLICATION 134527-2001 06/08/2019 1 06/08/2019 Book